| 000 | 00488nam a2200181Ia 4500 | ||
|---|---|---|---|
| 008 | 240925s9999 xx 000 0 und d | ||
| 020 | _a1567615104 | ||
| 082 | _a643.12 OHA | ||
| 100 | _aO'hara, Shelley | ||
| 245 | 4 | _aThe Complete Idiot's: guide to buing and selling a home | |
| 250 | _aNA | ||
| 260 |
_aIndianapolis: _bMacmillan Publication _c,1996. |
||
| 300 |
_a792p. _bNA _fPirated |
||
| 500 | _aIncludes Index | ||
| 600 | _aSocial Sciences | ||
| 650 | _aManagement | ||
| 942 | _cBK | ||
| 999 |
_c5996 _d5996 |
||